|
|
|
|
| LEADER |
01522nam a2200385 a 4500 |
| 001 |
30279 |
| 003 |
BD-DhAAL |
| 005 |
20230525135122.0 |
| 008 |
151201r20101994enk b 001 0 eng |
| 010 |
|
|
|a 93005718
|
| 020 |
|
|
|a 0521393124 (hardback)
|
| 020 |
|
|
|a 0521397197 (pbk.)
|
| 020 |
|
|
|a 9780521393126 Hardback
|
| 020 |
|
|
|a 9780521393126 Paperback
|
| 040 |
|
|
|a DLC
|c DLC
|d DLC
|d BD-DhAAL
|
| 041 |
1 |
|
|a eng
|
| 050 |
0 |
0 |
|a JC263
|b .W38213 1994
|
| 082 |
0 |
0 |
|a 306.2
|2 20
|
| 100 |
1 |
|
|a Weber, Max,
|d 1864-1920.
|9 26259
|
| 240 |
1 |
0 |
|a Works.
|k Selections.
|l English.
|f 1994
|
| 245 |
1 |
0 |
|a Weber :
|b political writings /
|c edited by Peter Lassman and Ronald Speirs.
|
| 260 |
|
|
|a Cambridge ;
|a New York :
|b Cambridge University Press,
|c 1994 [reprinted 2010]
|
| 300 |
|
|
|a xxxi, 390 p. ;
|c 22 cm.
|
| 490 |
|
0 |
|a Cambridge texts in the history of political thought
|
| 500 |
|
|
|a Translated from the German.
|
| 504 |
|
|
|a Includes bibliographical references and index.
|
| 541 |
|
|
|e 30279
|
| 650 |
0 |
0 |
|a Political science.
|9 16581
|
| 700 |
1 |
|
|a Lassman, Peter.
|9 16582
|
| 700 |
1 |
|
|a Speirs, Ronald.
|9 16212
|
| 856 |
4 |
2 |
|3 Publisher description
|u http://www.loc.gov/catdir/description/cam025/93005718.html
|
| 856 |
4 |
1 |
|3 Table of contents
|u http://www.loc.gov/catdir/toc/cam022/93005718.html
|
| 942 |
|
|
|2 ddc
|c BK
|
| 999 |
|
|
|c 36335
|d 36335
|
| 952 |
|
|
|0 0
|1 0
|2 ddc
|4 0
|6 306_200000000000000_WEB
|7 0
|9 57136
|a BRACUL
|b BRACUL
|c GEN
|d 2015-12-01
|e Karim International
|g 1880.00
|l 2
|m 5
|o 306.2 WEB
|p 3010030279
|r 2025-11-24
|s 2025-10-18
|t 1
|w 2015-12-01
|y BK
|